Loreto College Library, Kolkata
WEBOPAC (ONLINE PUBLIC ACCESS CATALOGUE)

The Princeton encyclopedia of poetry and poetics (Record no. 39116)

MARC details
000 -LEADER
fixed length control field 01330cam a2200277 a 4500
005 - DATE AND TIME OF LATEST TRANSACTION
control field 20220527135452.0
008 - FIXED-LENGTH DATA ELEMENTS--GENERAL INFORMATION
fixed length control field 120227s2012 nju bd 001 0 eng
020 ## - ISBN | অাই এস বি এন
ISBN | অাই এস বি এন 9780691154916 (pbk. : alk. paper)
PRICE 3247.00
040 ## - CATALOGING SOURCE
Language of cataloging English
082 00 - DDC | ডিউই
Classification number | বর্গসংখ্যা 803
Book Number | গ্রন্থাঙ্ক GRE
245 04 - TITLE STATEMENT | অাখ্যা বিবরণী
Title | অাখ্যা The Princeton encyclopedia of poetry and poetics
Statement of responsibility | লেখকের দায়িত্বের বিবরণ Roland Greene, editor in chief ; Stephen Cushman, general editor ; Clare Cavanagh, Jahan Ramazani, Paul Rouzer, associate editors ; Harris Feinsod, David Marno, Alexandra Slessarev, assistant editors
250 ## - EDITION STATEMENT | সংস্করণ ক্ষেত্র
Edition statement | সংস্করণ 4th ed
260 ## - IMPRINT | প্রকাশনা ক্ষেত্র
Place of publication | প্রকাশ স্থান Princeton
Name of publisher | প্রকাশকের নাম Princeton University Press
Date of publication | প্রকাশ কাল c2012.
300 ## - PHYSICAL DESCRIPTION |
Page / Vol. No | পৃষ্ঠা / খন্ড সংখ্যা xxxvi, 1639 p.
500 ## - GENERAL NOTE | সাধারণ টীকা
General note | সাধারণ টীকা Rev. ed. of : The Princeton encyclopedia of poetry and poetics / Alex Preminger and T.V.F. Brogan, co-editors ; Frank J. Warnke, O.B. Hardison, Jr., and Earl Miner, associate editors. 1993.
504 ## - BIBLIOGRAPHY, ETC. NOTE
Bibliography, etc Includes bibliographical references and index.
650 #0 - SUBJECT ADDED ENTRY--TOPICAL TERM | বিষয় শিরোনাম - মূল বিষয়
Topical term | মূল বিষয় Poetry
Form subdivision | রুপগত বিভাগ Dictionaries.
650 #0 - SUBJECT ADDED ENTRY--TOPICAL TERM | বিষয় শিরোনাম - মূল বিষয়
Topical term | মূল বিষয় Poetics
Form subdivision | রুপগত বিভাগ Dictionaries.
650 #0 - SUBJECT ADDED ENTRY--TOPICAL TERM | বিষয় শিরোনাম - মূল বিষয়
Topical term | মূল বিষয় Poetry
General subdivision | সাধারণ বিভাগ History and criticism.
700 1# - ADDED ENTRY--PERSONAL NAME | অতিরিক্ত সংলেখ - ব্
Personal name | ব্যাক্তিনাম Greene, Roland
Dates of Birth / Death | জন্ম / মৃত্যু সন 1957-
Relator code | দায়িত্ব নির্দেশক ed.
700 1# - ADDED ENTRY--PERSONAL NAME | অতিরিক্ত সংলেখ - ব্
Personal name | ব্যাক্তিনাম Cushman, Stephen
Dates of Birth / Death | জন্ম / মৃত্যু সন 1956-
Relator code | দায়িত্ব নির্দেশক ed.
850 ## - HOLDING INSTITUTION
Holding institution LCLIB
Sub Holdings Post Graduate
942 ## - ADDED ENTRY ELEMENTS (KOHA)
Koha item type Books
906 ## - LOCAL DATA ELEMENT F, LDF (RLIN)
a 7
b cbc
c orignew
d 1
e ecip
f 20
g y-gencatlg
Holdings
Withdrawn status Lost status Source of classification Damaged status Not for loan Home library Current library Shelving location Date acquired Price Total Checkouts Full call number Accession No. Date last seen Price effective from Koha item type Coded location qualifier
    Dewey Decimal Classification     Loreto College Loreto College Post Graduate 12/04/2014 3247.00   803 GRE 50717 42530 12/04/2014 12/04/2014 Books